<?xml version="1.0" encoding="UTF-8"?>
<record
    xmlns:xsi="http://www.w3.org/2001/XMLSchema-instance"
    xsi:schemaLocation="http://www.loc.gov/MARC21/slim http://www.loc.gov/standards/marcxml/schema/MARC21slim.xsd"
    xmlns="http://www.loc.gov/MARC21/slim">

  <leader>00838nam1a22002411i 4500</leader>
  <controlfield tag="001">v19\rc\1501269</controlfield>
  <controlfield tag="005">20260405074455.0</controlfield>
  <datafield tag="035" ind1=" " ind2=" ">
    <subfield code="a">(NLR Aleph) 005232736</subfield>
  </datafield>
  <datafield tag="090" ind1=" " ind2=" ">
    <subfield code="a">5622620</subfield>
    <subfield code="c">5622620</subfield>
  </datafield>
  <datafield tag="100" ind1=" " ind2=" ">
    <subfield code="a">20060620d1882    |||y0rusy50      ca</subfield>
  </datafield>
  <datafield tag="101" ind1="0" ind2=" ">
    <subfield code="a">rus</subfield>
  </datafield>
  <datafield tag="102" ind1=" " ind2=" ">
    <subfield code="a">RU</subfield>
  </datafield>
  <datafield tag="105" ind1=" " ind2=" ">
    <subfield code="a">y   z   |||||</subfield>
  </datafield>
  <datafield tag="200" ind1="1" ind2=" ">
    <subfield code="a">&#x41A;&#x430;&#x43B;&#x435;&#x43D;&#x434;&#x430;&#x440;&#x44C; &#x43A;&#x440;&#x43E;&#x448;&#x43A;&#x430;...</subfield>
    <subfield code="f">&#x421;&#x43E;&#x441;&#x442;. &#x410;.&#x41D;. &#x421;&#x43E;&#x43A;&#x43E;&#x43B;&#x43E;&#x432;&#x44B;&#x43C;</subfield>
  </datafield>
  <datafield tag="210" ind1=" " ind2=" ">
    <subfield code="a">&#x41C;&#x438;&#x43D;&#x441;&#x43A;</subfield>
    <subfield code="c">&#x422;&#x438;&#x43F;&#x43E;-&#x43B;&#x438;&#x442;. &#x418;. &#x422;&#x430;&#x441;&#x44C;&#x43C;&#x430;&#x43D;&#x430;</subfield>
    <subfield code="d">1882</subfield>
  </datafield>
  <datafield tag="215" ind1=" " ind2=" ">
    <subfield code="d">6</subfield>
  </datafield>
  <datafield tag="700" ind1=" " ind2="1">
    <subfield code="4">220</subfield>
    <subfield code="8">rus</subfield>
    <subfield code="7">ca</subfield>
    <subfield code="a">&#x421;&#x43E;&#x43A;&#x43E;&#x43B;&#x43E;&#x432;</subfield>
    <subfield code="b">&#x410;.&#x41D;.</subfield>
    <subfield code="f">1817-1903</subfield>
    <subfield code="g">&#x410;&#x43B;&#x435;&#x43A;&#x441;&#x430;&#x43D;&#x434;&#x440; &#x41D;&#x438;&#x43A;&#x43E;&#x43B;&#x430;&#x435;&#x432;&#x438;&#x447;</subfield>
    <subfield code="c">&#x441;&#x432;&#x44F;&#x449;&#x435;&#x43D;&#x43D;&#x438;&#x43A;</subfield>
    <subfield code="3">RU\NLR\AUTH\7726271</subfield>
    <subfield code="9">9314</subfield>
  </datafield>
  <datafield tag="801" ind1=" " ind2="2">
    <subfield code="a">RU</subfield>
    <subfield code="b">NLR</subfield>
    <subfield code="c">20070827</subfield>
    <subfield code="2">rusmarc</subfield>
  </datafield>
  <datafield tag="801" ind1=" " ind2="0">
    <subfield code="a">RU</subfield>
    <subfield code="b">NLR</subfield>
    <subfield code="c">20060620</subfield>
    <subfield code="g">psbo</subfield>
  </datafield>
  <datafield tag="801" ind1=" " ind2="0">
    <subfield code="a">RU</subfield>
    <subfield code="b">RuMoRGB</subfield>
    <subfield code="c">20060620</subfield>
    <subfield code="2">psbo</subfield>
  </datafield>
  <datafield tag="801" ind1=" " ind2="1">
    <subfield code="a">RU</subfield>
    <subfield code="b">ProSoft-M</subfield>
    <subfield code="c">20060620</subfield>
    <subfield code="2">rusmarc</subfield>
  </datafield>
  <datafield tag="852" ind1=" " ind2=" ">
    <subfield code="a">NLR</subfield>
    <subfield code="j">18.92.8.211</subfield>
  </datafield>
  <datafield tag="942" ind1=" " ind2=" ">
    <subfield code="c">BOOK</subfield>
  </datafield>
</record>
